| 000 | 01474cab a2200265 4500 | ||
|---|---|---|---|
| 001 | ABS59358 | ||
| 008 | 090401t1998 xxu||||| |||| 00| 0 eng d | ||
| 035 | _a(Sirsi) u88559 | ||
| 041 | _aeng | ||
| 245 | _aThamesmead Town Ltd v Allotey | ||
| 260 | _c1998 | ||
| 350 | _a0 | ||
| 490 |
_aEstates Gazette _v[1998] 37 EG 161-165(5) (12 September 1998) |
||
| 520 | _a"Thamesmead Town Ltd v Allotey" CA 13 January 1998. Thamesmead, a large estate developed by LCC and its successor GLC, was ultimately transferred to the plaintiff company. In 1988 a property was bought by its tenants under the right to buy legislation. The transfer contained positive covenants requiring them to contribute to the upkeep of footpaths, road and communual areas. In 1992 the defendant acquired the property. In the previous ruling the judge disallowed part of the plaintiff`s claim on the grounds that he was bound by the ruling in "Rhone v Stephens(Executrix)". Relating contributions to the benefits the defendants have chosen to exercise. Expenses relating to communual areas were disallowed. Held, appeal dismissed. | ||
| 650 | _aBENEFITS | ||
| 650 | _aCOMMUNUAL AREAS | ||
| 650 | _aFOOTPATHS | ||
| 650 | _aPOSITIVE COVENANT | ||
| 650 | _aRIGHT TO BUY | ||
| 650 | _aPROPERTY-INFRASTRUCTURE-TRANSPORT INFRASTRUCTURE-ROAD INFRASTRUCTURE | ||
| 650 | _aTHAMESMEAD TOWN LTD V ALLOTEY | ||
| 690 | _aPROPERTY LAW AND PRACTICE-CASE LAW | ||
| 942 | _n0 | ||
| 948 | _c18/09/1998 | ||
| 999 |
_c55968 _d55968 |
||